Les Miserables Song Titles - Statistics

General Stats
  • This quiz has been taken 2,909 times
    2,908 since last reset
  • The average score is 25 of 34
Answer Stats
Hint Answer % Correct
I ____ a Dream Fantine Dreamed
98%
Do You Hear the ____ Sing Enjolras, Students People
98%
Master of the ____ Thenardier, Mme. Thenardier, Customers House
96%
One Day ____ Full Company More
96%
____ Am I Valjean Who
96%
Castle on a ____ Young Cosette Cloud
95%
At the End of the ____ Foreman, Workers, Fantine, Valjean Day
95%
A ____ Full of Love Marius, Cosette, Eponine Heart
95%
On My ____ Eponine Own
95%
____ Chairs at ____ Tables Marius Empty
93%
Bring Him ____ Valjean Home
93%
What Have I ____ Valjean Done
92%
____ and Black Enjolras, Marius, Students Red
92%
____ Ladies Sailors, Whores, Crone, Fantine Lovely
90%
Look ____ Beggars, Gavroche, Marius, Enjolras Down
87%
____ Javert Stars
80%
In My ____ Cosette, Valjean, Marius, Eponine Life
79%
A Little ____ of Rain Eponine, Marius Fall
78%
____ People Gavroche Little
76%
Javert's ____ Javert Suicide
75%
____ With Me Grantaire, Students, Marius Drink
71%
____ to Me Fantine, Valjean Come
68%
The ____ Valjean, Javert Confrontation
56%
____ Eats ____ Thenardier Dog
56%
____ Arrested/____ Forgiven Bishop of Digne, Valjean Valjean
56%
Beggars at the ____ Thenardier, Mme. Thenardier Feast
55%
____ Chorale Thenardier, Guests, Marius Wedding
47%
Prologue: ____ Song Valjean, Javert, Chain Gang Work
47%
The First ____ Enjolras, Students, Valjean, Javert Attack
41%
____ Women of Paris Turning
40%
Attack on Rue ____ Thenardier, Thieves, Eponine, Marius Plumet
36%
The Thenardier ____ of Treachery Thenardier, Mme. Thenardier, Valjean Waltz
31%
____ at the Barricade Javert, Enjolras Javert
29%
Upon These ____ Enjolras, Javert, Marius, Eponine Stones
22%
No matching quizzes found
Score Distribution
Percent of People with Each Score
Percentile by Number Answered
Your Score History
You have not taken this quiz since the last reset